Laws Passed by President - Statistics

General Stats
  • This quiz has been taken 24 times
  • The average score is 13 of 20
Answer Stats
Law President % Correct
Indian Removal Act Andrew Jackson
94%
Social Security Act Franklin D. Roosevelt
94%
Civil Rights Act (Bans Mandated Segragation) Lyndon B. Johnson
94%
No Child Left Behind Act George W. Bush
89%
Communist Control Act Dwight D. Eisenhower
83%
American with Disabilities Act George H. W. Bush
83%
Electronic Freedom of Information Act Bill Clinton
78%
Tax Cuts and Jobs Act Donald Trump
78%
Naval Act (Establishes the Department of the Navy) George Washington
78%
Dodd–Frank Wall Street Reform and Consumer Protection Act Barack Obama
67%
Smoot-Hawley Tariff Act Herbert Hoover
61%
Pure Food and Drug Act Theodore Roosevelt
61%
Pacific Railway Acts Abraham Lincoln
50%
War Powers Act (Vetoed by President, Overriden) Richard Nixon
50%
Economic Stabilization Act (Abandons Gold Standard) Richard Nixon
44%
Pendleton Civil Service Reform Act James Garfield
39%
Chinese Exclusion Act Chester Arthur
33%
Fair Debt Collection Practices Act Barack Obama
28%
Countering America's Adversaries Through Sanctions Act Donald Trump
22%
Two-Ocean Navy Act Franklin D. Roosevelt
22%
No matching quizzes found
Score Distribution
Percent of People with Each Score
Percentile by Number Answered
Your Score History
You have not taken this quiz